| 000 | 00563nam a2200193Ia 4500 | ||
|---|---|---|---|
| 003 | OSt | ||
| 005 | 20251103161806.0 | ||
| 008 | 210210b1982 xxu||||| |||| 00| 0 eng d | ||
| 040 | _cAL | ||
| 041 | _aKannada | ||
| 082 | _aK894.308 NATN | ||
| 100 |
_aNATARAJ (M B). _dನಟರಾಜ್ (ಎಂ ಬಿ) _9243624 |
||
| 245 |
_aNotaka: sanna kathegalu. _bನೋಟಕ: ಸಣ್ಣ ಕಥೆಗಳು |
||
| 260 |
_aShivamogga _bParisara Sahitya Prakashana _c1982 |
||
| 300 | _avi,175 | ||
| 690 |
_aKannada Fiction _9243625 |
||
| 906 | _aSG02898 | ||
| 942 |
_2ddc _cBK |
||
| 999 |
_c114004 _d114004 |
||